000 00685nam a2200217 i 4500
001 108334
003 ES-MaACL
005 20250730025318.0
007 t|
008 061121s1965 sp r ||||1| spa d
100 1 _aMonaldi, Vincenzo.
_982103
245 1 3 _aLa tuberculosis /
_cVincenzo Monaldi ; traducción de J. Alix Alix.
250 _a1ª. ed.
260 _aMadrid :
_bPaz Montalvo,
_c1965.
300 _a1 v. :
_bil. ;
_c25 cm.
505 8 _aContiene: I. El Esquema anatómo-clínico-biológico.- 325 pág.- lám.- col.
650 0 7 _aTuberculosis
_2embne
_917658
700 1 _aAlix Alix, J.
_919944
852 _aES-MaACL
_jP-619-bis
_bR.56809
999 _c108334
_d108334